00743nam a2200205 a 450000100060000000300080000600500170001400800410003102000260007203500190009804000320011704100080014908200380015711000360019524500990023126000540033030000340038465100510041865100680046962411BD-RjUL20211209081101.0170214s1987 bg a |s o000 0 eng  c: Tk. 150.00 (Inland) a(BD-RjUL)62537 aDLCcDLCdDLCdBD-RjULbeng aeng 223a304.6095492021bBAB 1987 (AR)1 aBangladesh Bureau of Statistics10aBangladesh population census, 1981 :bAdministrative Report /cBangladesh Bureau of Statistics aDhaka :bBangladesh Bureau of Statistics, c1987. a[6], 227 p. :bIll. ;c28 cm. aBangladeshvCensus, 1981xAdminstrative Report aBangladeshxPopulationvStatisticsvAdministrative Reporty1981